| 000 | 00719nam a22002412 4500 | ||
|---|---|---|---|
| 001 | 99295076102419 | ||
| 003 | CBULib | ||
| 005 | 20240503125600.0 | ||
| 008 | 240503b |||||||| |||| 00| 0 eng d | ||
| 010 | _a9780723436355 (pbk.) : | ||
| 035 | _a(WlAbNL)6611814-44whelf_nlw | ||
| 035 | _a(WlAbNL)vtls006611814 | ||
| 035 | _a(WlAbNL)(Uk)016251705 | ||
| 035 | _a(WlAbNL)(StEdALDL)1/2939086 | ||
| 035 | _z(WlAbNL_BNB)GBB303185 | ||
| 040 | _cCbuLib | ||
| 100 | _a20121204d2013 uy| 0 | ||
| 210 | 1 | _aEdinburgh : | |
| 245 | _aPaediatrics : Crash Course | ||
| 300 | _aPrevious edition: published as by Shyam Bhakthavalsala. 2008. | ||
| 700 |
_aKapoor _b Rajat _f1978- |
||
| 942 |
_2lcc _c002 _e4th ed _n0 |
||
| 999 |
_c84975 _d84975 |
||